| 000 | 00480nam a2200169 4500 | ||
|---|---|---|---|
| 001 | 121216 | ||
| 003 | ES-MaACL | ||
| 005 | 20250929063157.0 | ||
| 007 | t| | ||
| 008 | 070214s1922 fr r ||||1| fre d | ||
| 100 | 1 |
_aPrévost, Marcel, _d1862-1941 _993819 |
|
| 245 | 1 | 4 |
_aLes Don Juanes _b: roman / _cMarcel Prévost. |
| 260 |
_aParis : _bLa renaissance du livre, _c1922. |
||
| 300 |
_a361 p. ; _c19 x 12 cm. |
||
| 852 |
_aES-MaACL _jF-12592 |
||
| 999 |
_c121216 _d121216 |
||